| 000 | 00489nam a2200193Ia 4500 | ||
|---|---|---|---|
| 003 | GCL | ||
| 008 | 140319s9999 xx 000 0 eng d | ||
| 040 |
_aGCL / _cGCL |
||
| 082 | 0 | 4 |
_a746.932 _bR T |
| 100 | 1 | _aRUTSCHOWS CAYA, MARIE-HELENE | |
| 245 | 1 | 0 |
_aTISSUS COPTES / _cRUTSCHOWS CAYA, MARIE-HELENE |
| 260 |
_a[S.N] : _bADAM BIRO ، _c1990 |
||
| 300 | _a159 P | ||
| 650 | 0 | 4 | _aTEXTILE |
| 650 | 0 | 4 | _aCOPTIC TEXTILE |
| 650 | 0 | 4 | _aTISSUE |
| 650 | 0 | 4 | _aCOPTIC TISSUE |
| 942 |
_2ddc _cBK |
||
| 999 |
_c25636 _d25636 |
||